| 000 | 01092cab a2200289 4500 | ||
|---|---|---|---|
| 001 | ABS57669 | ||
| 008 | 090401t1997 xxu||||| |||| 00| 0 eng d | ||
| 035 | _a(Sirsi) u81030 | ||
| 041 | _aeng | ||
| 100 | _aSmithers, T. | ||
| 245 | _aDon`t get your fingers burned | ||
| 260 | _c1997 | ||
| 350 | _a0 | ||
| 490 |
_aEstates Gazette _v(9737) 13 September 1997, 157-159(3) |
||
| 520 | _aDiscusses fire safety legislation, which has been strengthened by the Fire Precautions (Workplace) Regulations 1997. Considers the implications of the decision in "DTZ Debenham Thorpe v Shropshire CC" for managing agents overseeing the implementation of the regulations. | ||
| 650 | _aDTZ DEBENHAM THORPE V SHROPSHIRE CC | ||
| 650 | _aDTZ DEBENHAM THORPE | ||
| 650 | _aFIRE PRECAUTIONS (WORKPLACE) REGULATIONS 1997 | ||
| 650 | _aFIRE PRECAUTIONS ACT 1971 | ||
| 650 | _aMANAGEMENT-HEALTH AND SAFETY-FIRE SAFETY | ||
| 650 |
_aHEALTH AND SAFETY _96244 |
||
| 650 | _aMANAGING AGENTS | ||
| 650 | _aSHOPPING CENTRES | ||
| 690 | _aPROPERTY LAW AND PRACTICE | ||
| 942 | _n0 | ||
| 948 | _c23/09/1997 | ||
| 999 |
_c51051 _d51051 |
||